Al aire de tu paso

Saved in:
Bibliographic Details
Main Author: González Villanueva, Gustavo
Format: Book
Language:Undetermined
Published: San José, Costa Rica Ediciones Promesa 1998
Subjects:
Tags: Add Tag
No Tags, Be the first to tag this record!

MARC

LEADER 00000nam a2200000Ia 4500
008 170316s9999 xx 000 0 und d
040 |a cru BVZT 
090 |a 860 G-25al 
100 |a González Villanueva, Gustavo 
245 |a Al aire de tu paso 
260 |a San José, Costa Rica 
260 |b Ediciones Promesa 
260 |c 1998 
300 |a 99 páginas (páginasoesía nº32) 
650 |a LITERATURA LATINOAMERICANA 
650 |a POESÍA GUATEMALTECA 
999 |c 8735  |d 8735 
942 |c 15 D  |h 860 G-25al  |2 z